| 000 | 00922nam a22002057a 4500 | ||
|---|---|---|---|
| 005 | 20250318152312.0 | ||
| 010 | _aHIN-129513 | ||
| 020 |
_a9789391766054 _c750.00 |
||
| 035 | _aHN-101859 | ||
| 037 | _bDBAD | ||
| 082 | _a822 | ||
| 100 |
_aशर्मा, अजय कुमार _979743 |
||
| 245 |
_aनुक्कड़ नाटक और हरियाणवी लोक शैली/ _cअजय कुमार शर्मा |
||
| 250 | _aप्रथम | ||
| 260 |
_aनई दिल्ली _bअथर्व पब्लिकेशन्स _c2023 |
||
| 270 |
_a110, प्रथम तल, गली नं. 4, हरफूल विहार, बापरोला _bनई दिल्ली _e110043 _k7065515773 _matharvpublications@gmail.com |
||
| 300 |
_a234पृ.; _c22सेमी (सजिल्द) |
||
| 700 | _979574 | ||
| 942 |
_2ddc _cHN _h822 _mशर्माअ |
||
| 999 |
_c210367 _d210367 |
||